=LDR 00000nam 2200000 4500 =001 INLIS000000000026021 =005 20130612124504 =008 ***********************************ind** =035 ##$$a0010-061300000026021 =041 ##$$a ind =082 ##$$a 813 =090 ##$$a 813, SHA b =100 ##$$a Shahab, Ali =245 ##$$a Buku dan Koran bekas, Ali Shahab =250 ##$$a Seri novel komik islami =260 ##$$a 2005 $b Bandung =300 ##$$a 108 hlm., ilus., 17 cm =650 ##$$a Cerita Anak Islami =850 ##$$a NBPNMAT =990 ##$$a 0001/BPAP-NTB/20142014